[Event "Bodo-ch"]
[Site "Bodo"]
[Date "2019.11.05"]
[Round "5"]
[White "Brunes, Kjell"]
[Black "Alstadhaug, Harald"]
[Result "1-0"]
[WhiteElo "1420"]
[BlackElo "1336"]
[PlyCount "113"]
[EventDate "2019.10.01"]
[EventType "swiss"]
[EventRounds "7"]
[EventCountry "NOR"]
[SourceTitle "EXT 2024"]
[Source "ChessBase"]
[SourceDate "2023.10.10"]
[SourceVersion "1"]
[SourceVersionDate "2023.10.10"]
[SourceQuality "1"]

1. d4 d5 2. Nc3 Nf6 3. g3 e6 4. Bg2 Be7 5. e4 c6 6. e5 Nfd7 7. Nge2 c5 8. Be3 Nc6 9. f4 f6 10. a3 Na5 11. b3 cxd4 12. Nxd4 Qc7 13. Qd2 Nb6 14. Ncb5 Qc5 15. Qxa5 Bd7 16. Qc3 Bxb5 17. Qxc5 Bxc5 18. Kf2 fxe5 19. Nxe6 Bxe3+ 20. Kxe3 exf4+ 21. gxf4 Kd7 22. Nd4 Bc6 23. Bh3+ Kd6 24. Rhg1 Rae8+ 25. Kd2 Re4 26. Nf5+ Kc5 27. Raf1 g6 28. Ng3 Re7 29. Re1 Rxe1 30. Rxe1 Rf8 31. f5 gxf5 32. Bxf5 h6 33. Re5 Nd7 34. Re6 Rf6 35. Ke3 Rxe6+ 36. Bxe6 a5 37. Bf7 d4+ 38. Kf4 a4 39. b4+ Kd6 40. Nf5+ Kc7 41. Nxh6 Kd8 42. Nf5 Bg2 43. Nxd4 Ke7 44. Bh5 Nb6 45. Bf3 Bxf3 46. Kxf3 Nc4 47. Nb5 Kf6 48. Ke4 Kg5 49. Kd4 Nd2 50. Kd5 b6 51. c4 Kh4 52. c5 bxc5 53. bxc5 Nb1 54. c6 Kh3 55. c7 Kxh2 56. c8Q Kh1 57. Qc1+ 1-0

[Event "Bodo CC-ch"]
[Site "Bodo"]
[Date "2019.01.29"]
[Round "1"]
[White "Brunes, Kjell"]
[Black "Olsen, Bjorn Lovheim"]
[Result "0-1"]
[WhiteElo "1484"]
[BlackElo "1400"]
[PlyCount "126"]
[EventDate "2019.01.29"]
[EventType "swiss"]
[EventRounds "8"]
[EventCountry "NOR"]
[SourceTitle "EXT 2024"]
[Source "ChessBase"]
[SourceDate "2023.10.10"]
[SourceVersion "1"]
[SourceVersionDate "2023.10.10"]
[SourceQuality "1"]

1. e4 c6 2. Nc3 d5 3. exd5 cxd5 4. d4 Nf6 5. h3 Bf5 6. Bg5 e6 7. Bd3 Bxd3 8. Qxd3 Be7 9. Bxf6 Bxf6 10. Nf3 0-0 11. 0-0 Nc6 12. Ne2 Qb6 13. Qb3 Nxd4 14. Nexd4 Bxd4 15. Qxb6 Bxb6 16. c3 Rfd8 17. Rfd1 Rac8 18. Rac1 f6 19. Kf1 Kf7 20. Ke2 Rc4 21. Nd2 Rf4 22. f3 Rh4 23. b4 a6 24. Nb3 Rc4 25. a4 Rdc8 26. Rd3 h5 27. a5 Ba7 28. Kd2 h4 29. Rc2 g5 30. Rb2 f5 31. Kc2 Rxb4 32. Nd2 Rxb2+ 33. Kxb2 Rc5 34. Nb3 Rc7 35. Nd2 Bf2 36. Kb3 Bg3 37. c4 dxc4+ 38. Nxc4 Kf6 39. Rc3 Rd7 40. Rc2 Rd5 41. Rd2 Be1 42. Rxd5 exd5 43. Nd6 Bxa5 44. Nxb7 Be1 45. Nc5 a5 46. Nd3 Bg3 47. Ka4 Bc7 48. Kb5 Ke6 49. Kc6 Bf4 50. Kb5 Bd2 51. Ka4 d4 52. Kb3 Kd5 53. Nb2 g4 54. Kc2 gxf3 55. gxf3 Bc3 56. Nd3 Kc4 57. Ne5+ Kb4 58. Nd3+ Kc4 59. Nc1 a4 60. Nd3 a3 61. Nc1 d3+ 62. Nxd3 a2 63. Nb2+ Kd4 0-1

[Event "Bodo-ch"]
[Site "Bodo"]
[Date "2018.11.20"]
[Round "6"]
[White "Brunes, Kjell"]
[Black "Olsen, Bjorn Lovheim"]
[Result "0-1"]
[WhiteElo "1546"]
[BlackElo "1344"]
[PlyCount "74"]
[EventDate "2018.10.16"]
[EventType "swiss"]
[EventRounds "6"]
[EventCountry "NOR"]
[SourceTitle "EXT 2024"]
[Source "ChessBase"]
[SourceDate "2023.10.10"]
[SourceVersion "1"]
[SourceVersionDate "2023.10.10"]
[SourceQuality "1"]

1. e4 e5 2. Nf3 Nc6 3. d4 exd4 4. Nxd4 Bc5 5. Nxc6 Qf6 6. Qf3 Qxc6 7. Bd3 Nf6 8. Nc3 h6 9. b3 Bb4 10. 0-0 Bxc3 11. Rb1 d6 12. h3 Bd7 13. a4 a6 14. Bb2 Bxb2 15. Rxb2 0-0 16. c4 Qc5 17. Re1 Rfe8 18. Rbe2 Bc6 19. Kf1 Qe5 20. g3 Nh7 21. Qg2 f5 22. f3 fxe4 23. Bxe4 Qc5 24. Bxh7+ Kxh7 25. Rxe8 Rxe8 26. Rxe8 Bxe8 27. Qc2+ Bg6 28. Qc3 Qe5 29. Qxe5 dxe5 30. b4 b6 31. a5 bxa5 32. bxa5 Bd3+ 33. Kf2 Bxc4 34. Ke3 Bd5 35. h4 Kg6 36. f4 exf4+ 37. gxf4 Kf5 0-1

[Event "Bodo-ch"]
[Site "Bodo"]
[Date "2018.10.23"]
[Round "2"]
[White "Lien, Harald"]
[Black "Brunes, Kjell"]
[Result "1-0"]
[WhiteElo "1552"]
[BlackElo "1546"]
[PlyCount "67"]
[EventDate "2018.10.16"]
[EventType "swiss"]
[EventRounds "6"]
[EventCountry "NOR"]
[SourceTitle "EXT 2024"]
[Source "ChessBase"]
[SourceDate "2023.10.10"]
[SourceVersion "1"]
[SourceVersionDate "2023.10.10"]
[SourceQuality "1"]

1. e4 e6 2. d4 d6 3. Nf3 a6 4. Bd3 Nc6 5. Bg5 Be7 6. Qd2 f6 7. Be3 Bf8 8. d5 Ne5 9. Nxe5 fxe5 10. 0-0 Be7 11. Nc3 h6 12. Be2 g6 13. dxe6 Bxe6 14. Nd5 Nf6 15. Bf3 Qd7 16. c4 Bg4 17. Bxg4 Qxg4 18. Nxc7+ Kd7 19. f3 Qh5 20. Nxa8 Rxa8 21. c5 g5 22. cxd6 Bf8 23. Rac1 Ke6 24. Rfd1 Rd8 25. Bc5 Nd7 26. Qd5+ Kf6 27. Ba3 Qf7 28. Qxb7 Ke6 29. Qxa6 Nb8 30. Qc4+ Kf6 31. Qc7 Qd7 32. Qb6 Rc8 33. Rxc8 Qxc8 34. d7+ 1-0

[Event "Bodo CC-ch"]
[Site "Bodo"]
[Date "2018.01.30"]
[Round "1"]
[White "Brunes, Kjell"]
[Black "Hjelle, Kjell"]
[Result "1-0"]
[WhiteElo "1546"]
[BlackElo "1269"]
[PlyCount "97"]
[EventDate "2018.01.30"]
[EventType "swiss (rapid)"]
[EventRounds "9"]
[EventCountry "NOR"]
[SourceTitle "EXT 2024"]
[Source "ChessBase"]
[SourceDate "2023.10.10"]
[SourceVersion "1"]
[SourceVersionDate "2023.10.10"]
[SourceQuality "1"]

1. e4 e5 2. Nf3 Nc6 3. a3 Nf6 4. Nc3 a6 5. Bc4 h6 6. d3 Bc5 7. 0-0 0-0 8. b4 Ba7 9. Re1 d6 10. h3 Re8 11. Be3 Be6 12. Bxe6 Rxe6 13. Qd2 d5 14. Bxa7 Rxa7 15. Rad1 d4 16. Ne2 b5 17. Ng3 Nh7 18. Nf5 Qf6 19. c3 Ra8 20. cxd4 exd4 21. Qf4 Rc8 22. Rc1 Ne5 23. Nxe5 Qxe5 24. Qxe5 Rxe5 25. Rc5 Ree8 26. Rec1 Ng5 27. Rxc7 Rcd8 28. R7c6 Ne6 29. g3 Kh7 30. Kg2 Rg8 31. Rxa6 g6 32. Nd6 Rg7 33. Nxb5 h5 34. Rd6 Re8 35. Nxd4 Nxd4 36. Rxd4 Ra8 37. Ra1 Kh6 38. b5 f6 39. Rb4 f5 40. a4 f4 41. gxf4 Rf8 42. e5 g5 43. Kf3 g4+ 44. hxg4 hxg4+ 45. Kg3 Rf5 46. Rh1+ Rh5 47. Rxh5+ Kxh5 48. b6 Rd7 49. d4 1-0

[Event "Bodo CC-ch"]
[Site "Bodo"]
[Date "2018.??.??"]
[Round "6"]
[White "Brunes, Kjell"]
[Black "Lien, Harald"]
[Result "0-1"]
[WhiteElo "1546"]
[BlackElo "1494"]
[PlyCount "82"]
[EventDate "2018.01.30"]
[EventType "swiss (rapid)"]
[EventRounds "9"]
[EventCountry "NOR"]
[SourceTitle "EXT 2024"]
[Source "ChessBase"]
[SourceDate "2023.10.10"]
[SourceVersion "1"]
[SourceVersionDate "2023.10.10"]
[SourceQuality "1"]

1. e4 e6 2. d4 d5 3. e5 c5 4. Be3 cxd4 5. Qxd4 Bd7 6. Nf3 Nc6 7. Qd2 Bb4 8. c3 Ba5 9. Bb5 Nxe5 10. Bxd7+ Nxd7 11. Qc2 h6 12. 0-0 Ne7 13. b4 Bb6 14. Bd4 0-0 15. Nbd2 Rc8 16. Rac1 Nf5 17. Qd3 Re8 18. Ne5 Nxd4 19. Nxd7 Qxd7 20. cxd4 Rcd8 21. Nf3 f6 22. Rc2 Qd6 23. a3 e5 24. dxe5 fxe5 25. Qf5 Bc7 26. Rfc1 Bb8 27. g3 Rf8 28. Qg4 Qf6 29. Rc8 e4 30. Rxd8 Qxd8 31. Qe6+ Kh7 32. Nd4 Qf6 33. Qxf6 Rxf6 34. b5 Be5 35. Rd1 a6 36. a4 a5 37. Ne2 Rd6 38. Kf1 d4 39. Nc1 d3 40. Nb3 Bc3 41. Nc5 Rd4 0-1

[Event "Bodo CC-ch"]
[Site "Bodo"]
[Date "2018.??.??"]
[Round "5"]
[White "Hjelle, Kjell"]
[Black "Brunes, Kjell"]
[Result "0-1"]
[WhiteElo "1269"]
[BlackElo "1546"]
[PlyCount "106"]
[EventDate "2018.01.30"]
[EventType "swiss (rapid)"]
[EventRounds "9"]
[EventCountry "NOR"]
[SourceTitle "EXT 2024"]
[Source "ChessBase"]
[SourceDate "2023.10.10"]
[SourceVersion "1"]
[SourceVersionDate "2023.10.10"]
[SourceQuality "1"]

1. e4 e6 2. Nc3 d6 3. Nf3 a6 4. d4 b5 5. a3 Bb7 6. d5 e5 7. Be2 Bc8 8. h3 Be7 9. Be3 Bf6 10. Qd2 Ne7 11. 0-0 Ng6 12. Bg5 h6 13. Be3 0-0 14. Nh2 Nd7 15. b4 Re8 16. Bg4 Ndf8 17. Qe2 Qe7 18. Bf5 Nf4 19. Qg4 Nh7 20. Bxf4 exf4 21. Qf3 Be5 22. Rad1 Qf6 23. Ne2 Bxf5 24. exf5 Qxf5 25. Nd4 Qd7 26. Ng4 f5 27. Nh2 Qf7 28. Rd3 Ng5 29. Qd1 Bxd4 30. Rxd4 Re4 31. Rd3 Rae8 32. Qd2 Qe7 33. h4 Nh7 34. Nf3 Nf6 35. Nh2 Qf7 36. Nf3 Qh5 37. Qd1 g5 38. g3 gxh4 39. Nxh4 Qxd1 40. Rfxd1 Re1+ 41. Kg2 Rxd1 42. Rxd1 fxg3 43. Nxf5 gxf2 44. Kxf2 Kh7 45. Rh1 h5 46. Ng3 Re5 47. Rd1 Kg6 48. Kf3 Nxd5 49. Rd4 Nf6 50. c4 Kg5 51. Ne4+ Nxe4 52. Rxe4 Rxe4 53. Kxe4 Kg4 0-1